000 00566cam a22001931 4500
001 ne 68001279
003 DLC
005 20260227111840.0
008 890818s1954 ir c 000 0 perr
010 _ane 68001279
035 _a(OCoLC)20215762
040 _aDLC
_cCU
_dCU
_dDLC
042 _apremarc
050 0 0 _aPK6561.A94
_bA6 1954
100 1 _aĀzādī, Gulshān.
245 1 0 _aDīvān,
_bghazalīyāt, qaṣāyid, qaṭaʻāt, rubāʻīyāt, mas̲navīyāt
_c[az] Gulshan Āzādī.
260 _aMashhad,
_c1333 [1954]
300 _a7, 302 p.
_bport.
_c22 cm.
999 _c50265
_d50265